Home Print Resources E-Books E-Journals IIMT Lecture Series Library Membership Form Book Recommendation Form Campus Tour Take AdmissionAbout Us Contact Us

BUILDING MAINTENANCE MANAGEMENT (Record no. 36012)

000 -LEADER
fixed length control field 00366nam a22001577a 4500
003 - CONTROL NUMBER IDENTIFIER
control field OSt
005 - DATE AND TIME OF LATEST TRANSACTION
control field 20240322112616.0
008 - FIXED-LENGTH DATA ELEMENTS--GENERAL INFORMATION
fixed length control field 170731b xxu||||| |||| 00| 0 eng d
020 ## - INTERNATIONAL STANDARD BOOK NUMBER
International Standard Book Number 978-1405135061
040 ## - CATALOGING SOURCE
Transcribing agency SEROSOFT
100 ## - MAIN ENTRY--PERSONAL NAME
Personal name CHANTER
245 ## - TITLE STATEMENT
Title BUILDING MAINTENANCE MANAGEMENT
260 ## - PUBLICATION, DISTRIBUTION, ETC.
Place of publication, distribution, etc. DELHI
Name of publisher, distributor, etc. WILEY INDIA
Date of publication, distribution, etc. 2013
300 ## - PHYSICAL DESCRIPTION
Extent 317
942 ## - ADDED ENTRY ELEMENTS (KOHA)
Source of classification or shelving scheme
Koha item type General Book
Holdings
Withdrawn status Lost status Source of classification or shelving scheme Damaged status Not for loan Home library Current library Date acquired Source of acquisition Coded location qualifier Cost, normal purchase price Full call number Barcode Date last seen Uniform Resource Identifier Price effective from Koha item type
          IIMT University Central Library Meerut IIMT University Central Library Meerut 07/31/2017 IBD ENGINEERIN 0.00 690.24 CHA 01-B-122144 07/31/2017 MANAGMENT 07/31/2017 Book Bank
          IIMT University Central Library Meerut IIMT University Central Library Meerut 07/31/2017 IBD ENGINEERIN 0.00 690.24 CHA 01-B-122145 07/31/2017 MANAGMENT 07/31/2017 Book Bank
          IIMT University Central Library Meerut IIMT University Central Library Meerut 07/31/2017 IBD ENGINEERIN 0.00 R 01-B-122146 07/31/2017 MANAGMENT 07/31/2017 Reference Book
          IIMT University Central Library Meerut IIMT University Central Library Meerut 07/31/2017 IBD ENGINEERIN 0.00 690.24 CHA 01-B-122147 07/31/2017 MANAGMENT 07/31/2017 Book Bank
IIMT, Central Library. All Rights Reserved IIMT,UNIVERSITY © 2023
Implemented and Customised by I CLOUDE EMS
You Are OPAC Visitor No
free web counter

Powered by Koha